00643nam a22000977a 4500008004100000245008200041260001100123300003100134520036900165773001100534241009b ||||| |||| 00| 0 eng d aSwachh Bharat Mission successfully transforms India’s sanitation landscape  aYojana a68(10), Oct, 2024: p.17-21 aThe Swachh Bharat mission (SBM), launched by prime Minister Shri Narendra Modi on 2 October 2014, represents a paradigm shift towards with the ambitious goal of making India open., defecation free (ODF) by the 150th Birth anniversary of Mahatma Gandhi in 2019, this Imitative has since revolutionised country’s approach to hygiene and satiation. – Reproduced  aYojana